Minecraft by Letter-I - Statistics

General Stats
  • This quiz has been taken 102 times
  • The average score is 5 of 7
Answer Stats
Description First Two Letters Answer % Correct
Village protector IR Iron Golem
95%
Tundra building; normally has a villager and zombie villager underneath IG Igloo
91%
Type of mob that comes in raids IL Illager
89%
Rare biome with large towers of Ice IC Ice Spikes
68%
Crafted with sticks and wool IT Item Frame
55%
Dropped by squids IN Inc Sac
39%
Type of 1. That only spawns in Java Edition IL Illusioner
34%
No matching quizzes found
Score Distribution
Percent of People with Each Score
Percentile by Number Answered
Your Score History
You have not taken this quiz